Welcome to CU Library Online Public Access Catalogue (OPAC)

Religion and the American constitutional experiment : (Record no. 2855)

MARC details
000 -LEADER
fixed length control field 01035cam a2200253 a 4500
001 - CONTROL NUMBER
control field 4996049
005 - DATE AND TIME OF LATEST TRANSACTION
control field 20250122202447.0
008 - FIXED-LENGTH DATA ELEMENTS--GENERAL INFORMATION
fixed length control field 990519s2000 cou b 001 0 eng
020 ## - INTERNATIONAL STANDARD BOOK NUMBER
International Standard Book Number 0813333059 (hc : alk. paper)
020 ## - INTERNATIONAL STANDARD BOOK NUMBER
International Standard Book Number 0813333067 (pb : alk. paper)
050 00 - LIBRARY OF CONGRESS CALL NUMBER
Classification number KF4783.Z9
Item number W58 2000
082 00 - DEWEY DECIMAL CLASSIFICATION NUMBER
Classification number 342.73/0852
Edition information 21
100 1# - MAIN ENTRY--PERSONAL NAME
Personal name Witte, John,
Titles and words associated with a name Jr.,
Dates associated with a name 1959-
245 10 - TITLE STATEMENT
Title Religion and the American constitutional experiment :
Remainder of title essential rights and liberties /
Statement of responsibility, etc. John Witte, Jr.
260 ## - PUBLICATION, DISTRIBUTION, ETC.
Place of publication, distribution, etc. Boulder, Colo. :
Name of publisher, distributor, etc. Westview Press,
Date of publication, distribution, etc. 2000.
300 ## - PHYSICAL DESCRIPTION
Extent xiv, 379 p. ;
Dimensions 24 cm.
650 #0 - SUBJECT ADDED ENTRY--TOPICAL TERM
Topical term or geographic name entry element Freedom of religion
Geographic subdivision United States
General subdivision History.
650 #0 - SUBJECT ADDED ENTRY--TOPICAL TERM
Topical term or geographic name entry element Church and state
Geographic subdivision United States
General subdivision History.
650 #0 - SUBJECT ADDED ENTRY--TOPICAL TERM
Topical term or geographic name entry element Freedom of religion
Geographic subdivision United States.
650 #0 - SUBJECT ADDED ENTRY--TOPICAL TERM
Topical term or geographic name entry element Church and state
Geographic subdivision United States.
856 42 - ELECTRONIC LOCATION AND ACCESS
Materials specified Contributor biographical information
Uniform Resource Identifier <a href="http://www.loc.gov/catdir/enhancements/fy0830/99034552-b.html">http://www.loc.gov/catdir/enhancements/fy0830/99034552-b.html</a>
856 42 - ELECTRONIC LOCATION AND ACCESS
Materials specified Publisher description
Uniform Resource Identifier <a href="http://www.loc.gov/catdir/enhancements/fy0830/99034552-d.html">http://www.loc.gov/catdir/enhancements/fy0830/99034552-d.html</a>
942 ## - ADDED ENTRY ELEMENTS (KOHA)
Source of classification or shelving scheme Library of Congress Classification
Koha item type Books
Suppress in OPAC No
999 ## -
-- 2855
-- 2855
Holdings
Withdrawn status Lost status Source of classification or shelving scheme Damaged status Not for loan Collection Home library Current library Shelving location Date acquired Total checkouts Full call number Barcode Date last seen Copy number Price effective from Koha item type
    Library of Congress Classification     Non-fiction Law Library (Christ Temple) Law Library (Christ Temple) General stacks 01/22/2025   KF4783.Z9.W58 WIT LLCT00000266 01/22/2025 1 01/22/2025 Books
© 2023-2024 Copyright: Central University Libraries. All Rights Reserved | Created by: Mahone Tech Office